000 00311nam a2200133Ia 4500
008 151001s9999||||xx |||||||||||||| ||und||
100 _aसुमती कुकडे
245 _aआवळा
250 _a1
260 _bमधुराज
260 _c2002
300 _a12
365 _b21
999 _c983734
_d983731